[Event "Scarborough CC-ch"]
[Site "Toronto CAN"]
[Date "2023.05.04"]
[Round "6.3"]
[White "Zhao, Jifan"]
[Black "Gao, Lucy"]
[Result "1-0"]
[WhiteElo "1825"]
[BlackElo "1792"]
[PlyCount "109"]
[EventDate "2023.03.30"]
[EventType "swiss"]
[EventRounds "8"]
[EventCountry "CAN"]

1. e4 c5 2. Nf3 Nc6 3. Bb5 g6 4. O-O Bg7 5. c3 Nf6 6. Qe2 O-O 7. d4 a6 8. Bxc6
bxc6 9. e5 Nd5 10. c4 Nc7 11. dxc5 Ne6 12. Be3 Qc7 13. Nc3 Bxe5 14. Bh6 Bg7 15.
Bxg7 Kxg7 16. b4 a5 17. a3 d6 18. cxd6 exd6 19. b5 Nc5 20. Ne4 cxb5 21. Qb2+ f6
22. Nxc5 Qxc5 23. cxb5 a4 24. Rac1 Qh5 25. Rfe1 Bg4 26. Nd4 Rfe8 27. b6 Qa5 28.
Rc7+ Kg8 29. Rf1 Rab8 30. Nc6 Qxb6 31. Ne7+ Rxe7 32. Qxb6 Rxb6 33. Rxe7 Rb3 34.
Re3 Kf7 35. Rxb3 axb3 36. Rb1 Be6 37. Kf1 Bc4+ 38. Ke1 Ke6 39. Kd2 Kd5 40. Kc3
Kc5 41. Rxb3 Bxb3 42. Kxb3 Kb5 43. a4+ Ka5 44. Kc4 Kxa4 45. Kd5 Kb3 46. Kxd6
Kc3 47. Ke6 Kd3 48. Kxf6 Ke2 49. f4 Kf2 50. g4 Kg2 51. Kg5 Kxh2 52. f5 Kg3 53.
f6 h6+ 54. Kxh6 Kxg4 55. Kxg6 1-0

[Event "Scarborough CC-ch"]
[Site "Toronto CAN"]
[Date "2023.05.04"]
[Round "6.4"]
[White "Guan, Daniel"]
[Black "Zhong, April"]
[Result "0-1"]
[WhiteElo "1619"]
[BlackElo "1780"]
[PlyCount "77"]
[EventDate "2023.03.30"]
[EventType "swiss"]
[EventRounds "8"]
[EventCountry "CAN"]

1. d4 d5 2. c4 dxc4 3. e3 Nf6 4. Bxc4 e6 5. Nf3 a6 6. O-O b5 7. Bd3 Bb7 8. b3
c5 9. Bb2 Nbd7 10. Nbd2 Be7 11. Rc1 O-O 12. Bb1 Rc8 13. Ng5 h6 14. Nge4 cxd4
15. Rxc8 Qxc8 16. Bxd4 e5 17. Nxf6+ Bxf6 18. Bb2 Rd8 19. Qe2 Nc5 20. Bc2 Qe6
21. Ba3 Qd5 22. Nf3 e4 23. Ne1 Bc3 24. Bxc5 Qxc5 25. g3 Rd2 26. Qg4 Qd5 27. h4
Qe5 28. Bb1 f5 29. Qf4 Qxf4 30. exf4 Bd4 31. Nc2 Bb6 32. a3 Kf7 33. b4 Bd5 34.
Ne3 Be6 35. Re1 Kf6 36. Kg2 Rb2 37. g4 Bxe3 38. gxf5 Bxf5 39. Rxe3 0-1

[Event "Scarborough CC-ch"]
[Site "Toronto CAN"]
[Date "2023.05.04"]
[Round "6.5"]
[White "Wang, Nathan"]
[Black "Gao, Heye"]
[Result "0-1"]
[WhiteElo "1841"]
[BlackElo "1785"]
[PlyCount "69"]
[EventDate "2023.03.30"]
[EventType "swiss"]
[EventRounds "8"]
[EventCountry "CAN"]

1. e4 e5 2. Nf3 Nc6 3. Bc4 Bc5 4. c3 Nf6 5. d4 exd4 6. e5 d5 7. Bb5 Nd7 8. cxd4
Be7 9. Nc3 Nb6 10. O-O O-O 11. Be3 a6 12. Bd3 f6 13. h3 Be6 14. Re1 Qd7 15. Bc2
fxe5 16. Nxe5 Nxe5 17. dxe5 c5 18. Bd2 Bf5 19. Ne2 Nc4 20. Ng3 Bxc2 21. Qxc2
Qe6 22. b3 Nxd2 23. Qxd2 Bh4 24. Kh2 Rad8 25. Rac1 b6 26. f4 d4 27. Rf1 Bxg3+
28. Kxg3 Qd5 29. Rce1 Rde8 30. Qd3 Re6 31. Kh2 b5 32. Qe2 g6 33. g4 Rfe8 34.
Qe4 Qd7 35. Qd3 0-1

[Event "Scarborough CC-ch"]
[Site "Toronto CAN"]
[Date "2023.05.04"]
[Round "6.6"]
[White "Kwan, Toy Chack"]
[Black "Sharpe, Sam"]
[Result "0-1"]
[WhiteElo "1560"]
[BlackElo "1876"]
[PlyCount "113"]
[EventDate "2023.03.30"]
[EventType "swiss"]
[EventRounds "8"]
[EventCountry "CAN"]

1. d4 d5 2. Nf3 e6 3. c4 c6 4. cxd5 exd5 5. Qc2 Nf6 6. Nc3 Be7 7. Bg5 O-O 8. e3
Nh5 9. Bxe7 Qxe7 10. Bd3 g6 11. O-O Ng7 12. Rab1 a5 13. a3 Na6 14. Na4 Bf5 15.
Rfc1 Bxd3 16. Qxd3 Ne6 17. Qc3 Nac7 18. Nc5 Nb5 19. Qc2 Nxc5 20. Qxc5 Qxc5 21.
Rxc5 a4 22. Ne5 f5 23. Nd3 Nd6 24. Rc3 Nc4 25. h4 Rfe8 26. g3 Kg7 27. Kg2 Kf6
28. Rc2 Re7 29. Re1 h6 30. Rh1 Rae8 31. Re2 Rh8 32. Nc5 b5 33. Nd3 Rhh7 34.
Rhe1 g5 35. hxg5+ hxg5 36. Rh1 g4 37. Rxh7 Rxh7 38. Nb4 Rc7 39. Nd3 Ke6 40.
Nc5+ Kd6 41. Nd3 Rh7 42. Rc2 Kc7 43. Re2 Kb6 44. Rc2 Rh6 45. Nc5 Nd6 46. Nd7+
Kc7 47. Nc5 Ne4 48. Na6+ Kb6 49. Nc5 Ng5 50. Nd7+ Kc7 51. Ne5 Ne4 52. Nd3 Kb6
53. Kg1 Rd6 54. Kg2 Ng5 55. Nf4 Rh6 56. Re2 Nf3 57. Rc2 0-1

[Event "Scarborough CC-ch"]
[Site "Toronto CAN"]
[Date "2023.05.04"]
[Round "6.7"]
[White "Ugodnikov, Arkadiy"]
[Black "Wu, Nolan"]
[Result "0-1"]
[WhiteElo "1655"]
[BlackElo "1827"]
[PlyCount "100"]
[EventDate "2023.03.30"]
[EventType "swiss"]
[EventRounds "8"]
[EventCountry "CAN"]

1. e4 c5 2. Nf3 d6 3. Bb5+ Bd7 4. Bxd7+ Qxd7 5. c4 Nc6 6. Nc3 Nf6 7. O-O g6 8.
d4 cxd4 9. Nxd4 Bg7 10. Nde2 O-O 11. f3 Rab8 12. Be3 a6 13. a4 Rfe8 14. b3 Nb4
15. Rc1 Qd8 16. Qd2 Nd7 17. Nd5 Nxd5 18. cxd5 Nc5 19. Bxc5 dxc5 20. Kh1 b5 21.
axb5 axb5 22. Qd3 Qd6 23. Rfd1 Qc7 24. f4 c4 25. bxc4 bxc4 26. Qg3 Bb2 27. Rc2
Qa5 28. e5 Qa4 29. Rcd2 c3 30. Nxc3 Bxc3 31. Rd3 Qc2 32. Qf3 Rb1 33. h3 Rxd1+
34. Rxd1 Rd8 35. Rd3 Bb4 36. Kh2 Qc4 37. Rd1 Rb8 38. Rf1 Bc5 39. Rd1 Rb3 40.
Qg4 Be3 41. Qd7 Qxf4+ 42. Kh1 Qxe5 43. Rf1 Rb8 44. Rd1 Qd6 45. Qg4 Bb6 46. Qf3
Bc7 47. g3 Qxg3 48. Qxg3 Bxg3 49. Rd3 Be5 50. Kg2 Rd8 0-1

[Event "Scarborough CC-ch"]
[Site "Toronto CAN"]
[Date "2023.05.11"]
[Round "7.1"]
[White "Zhong, Ryan Yunhui"]
[Black "Southam, David"]
[Result "0-1"]
[WhiteElo "1956"]
[BlackElo "2027"]
[PlyCount "108"]
[EventDate "2023.03.30"]
[EventType "swiss"]
[EventRounds "8"]
[EventCountry "CAN"]

1. e4 e6 2. d4 d5 3. Nd2 c5 4. exd5 Qxd5 5. Ngf3 cxd4 6. Bc4 Qd6 7. O-O Nf6 8.
Nb3 Nc6 9. Nbxd4 Nxd4 10. Nxd4 a6 11. c3 Qc7 12. Bb3 Bd6 13. h3 b6 14. Re1 O-O
15. Bg5 Be7 16. Bc2 Bb7 17. Qe2 Rfe8 18. Bb3 Bf8 19. Bxf6 gxf6 20. Qh5 Qc5 21.
Qe2 Qg5 22. Nf3 Qh5 23. Nh2 Qxe2 24. Rxe2 Red8 25. h4 f5 26. g4 fxg4 27. Nxg4
Be7 28. Kh2 h5 29. Ne5 Bxh4 30. Rg1+ Kf8 31. Bxe6 fxe6 32. Ng6+ Kf7 33. Nxh4
Rg8 34. Rd1 Rad8 35. Red2 Rxd2 36. Rxd2 Bd5 37. b3 b5 38. Nf5 Kf6 39. Ne3 Ke5
40. c4 bxc4 41. bxc4 Bc6 42. c5 Bd5 43. f4+ Ke4 44. Nxd5 exd5 45. f5 d4 46. c6
d3 47. Rd1 Rc8 48. f6 Rxc6 49. Re1+ Kd4 50. Rf1 Rc8 51. Kh3 d2 52. f7 Ke3 53.
Kg2 Rf8 54. Rf3+ Kd4 0-1

[Event "Scarborough CC-ch"]
[Site "Toronto CAN"]
[Date "2023.05.11"]
[Round "7.2"]
[White "Zhong, April"]
[Black "Huang, Richard"]
[Result "0-1"]
[WhiteElo "1780"]
[BlackElo "2076"]
[PlyCount "54"]
[EventDate "2023.03.30"]
[EventType "swiss"]
[EventRounds "8"]
[EventCountry "CAN"]

1. e4 c6 2. d4 d5 3. Nc3 dxe4 4. Nxe4 Nf6 5. Nxf6+ exf6 6. c3 Bd6 7. Bd3 O-O 8.
Nf3 Bg4 9. O-O Nd7 10. h3 Bh5 11. Be3 Re8 12. Rc1 Nf8 13. Re1 Ne6 14. Qc2 Bxf3
15. Bxh7+ Kh8 16. gxf3 g6 17. Bxg6 fxg6 18. Kh1 f5 19. c4 Qh4 20. Kg2 Nf4+ 21.
Bxf4 Qxf4 22. Rh1 Re7 23. c5 Bc7 24. Rcd1 Rae8 25. d5 Re2 26. Qb3 Qg3+ 27. Kf1
Rxf2# 0-1

[Event "Scarborough CC-ch"]
[Site "Toronto CAN"]
[Date "2023.05.11"]
[Round "7.3"]
[White "Yang, Larry"]
[Black "Zhao, Jifan"]
[Result "1-0"]
[WhiteElo "1926"]
[BlackElo "1825"]
[PlyCount "71"]
[EventDate "2023.03.30"]
[EventType "swiss"]
[EventRounds "8"]
[EventCountry "CAN"]

1. e4 e6 2. d4 d5 3. e5 c5 4. c3 Qb6 5. Nf3 Bd7 6. a3 cxd4 7. cxd4 Bb5 8. Bd3
Bxd3 9. Qxd3 Ne7 10. Nc3 Nec6 11. O-O Be7 12. Ne2 Nd7 13. Be3 a6 14. Nd2 Qb5
15. Qxb5 axb5 16. Nc3 b4 17. axb4 Rxa1 18. Rxa1 Bxb4 19. Ra8+ Nd8 20. Nb5 O-O
21. Ra7 Bxd2 22. Bxd2 Nb6 23. Bb4 Nc6 24. Rxb7 Ra8 25. Ba3 Nc4 26. Rc7 N6a5 27.
f4 g6 28. Kf2 Rb8 29. Nd6 Nxb2 30. Nxf7 Nd3+ 31. Ke3 Nxe5 32. Nh6+ Kh8 33. fxe5
Rb3+ 34. Kf4 Rxa3 35. Rc8+ Kg7 36. Kg5 1-0

[Event "Scarborough CC-ch"]
[Site "Toronto CAN"]
[Date "2023.05.11"]
[Round "7.4"]
[White "Gao, Heye"]
[Black "Li, Adam"]
[Result "0-1"]
[WhiteElo "1785"]
[BlackElo "1998"]
[PlyCount "136"]
[EventDate "2023.03.30"]
[EventType "swiss"]
[EventRounds "8"]
[EventCountry "CAN"]

1. e4 e5 2. Nf3 Nc6 3. Bc4 Nf6 4. d3 Be7 5. Be3 O-O 6. O-O d5 7. exd5 Nxd5 8.
h3 Be6 9. Bb5 f6 10. Nbd2 Ncb4 11. a3 Nxe3 12. fxe3 Nd5 13. Qe2 Bf7 14. d4 exd4
15. exd4 c5 16. Nb3 Qc7 17. Bc4 Rac8 18. c3 Kh8 19. Bxd5 Bxd5 20. Nxc5 Bxc5 21.
dxc5 Qxc5+ 22. Qf2 Bxf3 23. Qxc5 Rxc5 24. Rxf3 g5 25. Rd1 Rf7 26. Kf2 Kg7 27.
Re3 a5 28. b4 Rf5+ 29. Rf3 Re5 30. a4 Rfe7 31. Rd4 Re2+ 32. Kg3 Ra2 33. bxa5
Ree2 34. Rfd3 Rxg2+ 35. Kf3 h5 36. Rd7+ Kg6 37. Rxb7 h4 38. Rb4 Raf2+ 39. Ke3
Rf5 40. Rb5 Rf4 41. Rd4 Rg3+ 42. Ke2 Rg2+ 43. Kd3 Rf3+ 44. Kc4 Rc2 45. Rd3 Rf4+
46. Kb3 Rc1 47. a6 Ra1 48. Rd4 Rff1 49. Rdb4 Rab1+ 50. Kc4 Rf4+ 51. Kc5 Rc1 52.
c4 Re1 53. a7 Re8 54. Rb8 Rf5+ 55. Kb6 Re6+ 56. Kc7 Re7+ 57. Kb6 Re6+ 58. Kb7
Re7+ 59. Ka6 Rxa7+ 60. Kxa7 Rf3 61. Rb3 Rf5 62. Kb6 Rf4 63. Rc3 f5 64. a5 g4
65. hxg4 fxg4 66. a6 Rf6+ 67. Kb5 Rf7 68. c5 h3 0-1

[Event "Scarborough CC-ch"]
[Site "Toronto CAN"]
[Date "2023.05.11"]
[Round "7.5"]
[White "Wu, Nolan"]
[Black "Wu, Benjamin"]
[Result "0-1"]
[WhiteElo "1827"]
[BlackElo "1864"]
[PlyCount "68"]
[EventDate "2023.03.30"]
[EventType "swiss"]
[EventRounds "8"]
[EventCountry "CAN"]

1. e4 c6 2. d4 d5 3. e5 Bf5 4. Nd2 e6 5. Nb3 Nd7 6. Nf3 a6 7. Be3 Qc7 8. c3 b6
9. Nh4 Bg6 10. f4 Be7 11. Nf3 c5 12. Rc1 c4 13. Nbd2 h6 14. Be2 b5 15. Bf2 b4
16. Nh4 Bh7 17. g4 bxc3 18. bxc3 Ba3 19. f5 Bxc1 20. Qxc1 Ne7 21. Bg3 Nc6 22.
Ndf3 Qa5 23. g5 Qxa2 24. gxh6 g6 25. fxe6 fxe6 26. Ng5 Rb8 27. O-O Qxe2 28.
Nxe6 Qg4 29. Ng7+ Kd8 30. Qa3 g5 31. Qd6 Nxd4 32. Nhf5 Bxf5 33. Rxf5 Rb1+ 34.
Kg2 Rb2+ 0-1

[Event "Scarborough CC-ch"]
[Site "Toronto CAN"]
[Date "2023.05.01"]
[Round "7.6"]
[White "Ajith, Aarush"]
[Black "Jeyakumar, Bhavatharshan"]
[Result "0-1"]
[WhiteElo "1667"]
[BlackElo "1822"]
[PlyCount "114"]
[EventDate "2023.03.30"]
[EventType "swiss"]
[EventRounds "8"]
[EventCountry "CAN"]

1. d4 Nf6 2. Bg5 d5 3. Nd2 Nc6 4. e3 Bf5 5. c3 e5 6. Bb5 exd4 7. cxd4 a6 8.
Bxc6+ bxc6 9. Rc1 Bd7 10. Ngf3 Rb8 11. Qc2 Be7 12. O-O O-O 13. Ne5 Rb6 14. Rfe1
h6 15. Bh4 g5 16. Bg3 Bb4 17. f3 Qb8 18. Re2 Bd6 19. Nb3 Qc8 20. Na5 Bf5 21. e4
dxe4 22. fxe4 Nxe4 23. Rxe4 Bxe4 24. Qxe4 Rxb2 25. Nac4 Rxa2 26. Nxd6 cxd6 27.
Nxc6 Qd7 28. Qd5 Qe6 29. Qxe6 fxe6 30. h3 d5 31. Re1 Rf6 32. Rb1 Kh7 33. Ne5 h5
34. h4 gxh4 35. Bxh4 Rf4 36. Nf3 Rg4 37. g3 Kh6 38. Rb8 Re4 39. Rf8 Kg7 40. Rc8
a5 41. Rc7+ Kh6 42. Bg5+ Kg6 43. Bf4 a4 44. Ne5+ Rxe5 45. Bxe5 a3 46. Ra7 Kf5
47. Bd6 Ra1+ 48. Kf2 a2 49. Bb4 Ke4 50. Bc3 Rc1 51. Ra3 Rxc3 52. Rxa2 Kxd4 53.
Ra4+ Rc4 54. Ra3 e5 55. Ra2 e4 56. Rd2+ Ke5 57. Ke2 Rc3 0-1

[Event "Scarborough CC-ch"]
[Site "Toronto CAN"]
[Date "2023.05.11"]
[Round "7.7"]
[White "Fonceca, Glenn"]
[Black "Ugodnikov, Arkadiy"]
[Result "1/2-1/2"]
[WhiteElo "1720"]
[BlackElo "1655"]
[PlyCount "208"]
[EventDate "2023.03.30"]
[EventType "swiss"]
[EventRounds "8"]
[EventCountry "CAN"]

1. e4 e5 2. Nf3 Nc6 3. Bc4 Bc5 4. h3 Nf6 5. d3 d6 6. c3 h6 7. a4 a6 8. Na3 Be6
9. O-O O-O 10. d4 Bxa3 11. Bxe6 fxe6 12. Rxa3 exd4 13. cxd4 Nxe4 14. d5 Ne7 15.
dxe6 Kh8 16. Re3 Nf6 17. Rd3 Qe8 18. Nh2 Qh5 19. g4 Qg6 20. f4 Qe4 21. Re1 Qb4
22. f5 d5 23. Rd4 Qd6 24. Bf4 Qb6 25. Be3 c5 26. Rd2 d4 27. Bf4 Nfd5 28. Qf3
Rad8 29. Kg2 Qc6 30. Be5 Ne3+ 31. Kg3 Qb6 32. Rc1 N3xf5+ 33. gxf5 Rxf5 34. Qe4
Kg8 35. Nf3 Rdf8 36. Rd3 Qxe6 37. Rxc5 Qg6+ 38. Qg4 Qf7 39. Bxd4 h5 40. Qe4
Qg6+ 41. Kh2 Rxc5 42. Qxg6 Rc2+ 43. Qg2 Rxg2+ 44. Kxg2 Ng6 45. Be3 Rf7 46. b4
Nf4+ 47. Bxf4 Rxf4 48. Rd4 Rf5 49. Rd8+ Kh7 50. Rd7 b5 51. axb5 Rxb5 52. Rd4 a5
53. bxa5 Rxa5 54. h4 Ra2+ 55. Kg3 Ra3 56. Kf4 Ra5 57. Ng5+ Kh6 58. Rd6+ g6 59.
Nf7+ Kg7 60. Ne5 g5+ 61. hxg5 h4 62. Rg6+ Kh7 63. Rh6+ Kg7 64. Rxh4 Ra4+ 65.
Kg3 Ra5 66. Re4 Rb5 67. Kf4 Rb1 68. Nf3 Rb5 69. Re7+ Kg8 70. Ne5 Rb6 71. Kf5
Ra6 72. g6 Ra5 73. Kf6 Ra6+ 74. Re6 Ra8 75. Re7 Ra6+ 76. Kg5 Ra1 77. Ng4 Rg1
78. Kh6 Rh1+ 79. Kg5 Rg1 80. Re5 Kg7 81. Kf5 Rf1+ 82. Kg5 Rg1 83. Re7+ Kg8 84.
Rd7 Rg2 85. Kf4 Rg1 86. Ne5 Rf1+ 87. Kg5 Rg1+ 88. Kf6 Rf1+ 89. Ke6 Rg1 90. Rd4
Kg7 91. Kf5 Rf1+ 92. Rf4 Ra1 93. Kg5 Ra6 94. Rf7+ Kg8 95. Kf5 Ra5 96. Rf6 Ra1
97. Ke6 Ra6+ 98. Ke7 Ra7+ 99. Nd7 Kg7 100. Rd6 Ra1 101. Ne5 Re1 102. Ke6 Re2
103. Rd7+ Kg8 104. Kf6 Rf2+ 1/2-1/2

[Event "Scarborough CC-ch"]
[Site "Toronto CAN"]
[Date "2023.05.18"]
[Round "8.1"]
[White "Southam, David"]
[Black "Yang, Larry"]
[Result "1/2-1/2"]
[WhiteElo "2077"]
[BlackElo "1926"]
[PlyCount "39"]
[EventDate "2023.03.30"]
[EventType "swiss"]
[EventRounds "8"]
[EventCountry "CAN"]

1. d4 Nf6 2. c4 g6 3. Nc3 Bg7 4. e4 d6 5. Nf3 O-O 6. Be2 e5 7. O-O Nc6 8. d5
Ne7 9. Ne1 Nd7 10. f3 a5 11. Nd3 f5 12. Be3 b6 13. a3 f4 14. Bf2 g5 15. b4 axb4
16. axb4 Rxa1 17. Qxa1 Nf6 18. c5 bxc5 19. bxc5 h5 20. Qa5 1/2-1/2

[Event "Scarborough CC-ch"]
[Site "Toronto CAN"]
[Date "2023.05.18"]
[Round "8.2"]
[White "Huang, Richard"]
[Black "Zhong, Ryan Yunhui"]
[Result "1-0"]
[WhiteElo "2076"]
[BlackElo "1956"]
[PlyCount "79"]
[EventDate "2023.03.30"]
[EventType "swiss"]
[EventRounds "8"]
[EventCountry "CAN"]

1. d4 d5 2. Nf3 Nf6 3. Bf4 e6 4. e3 c5 5. c3 Nc6 6. Bd3 Bd6 7. Bg3 O-O 8. O-O
b6 9. Nbd2 Bb7 10. Ne5 Ne7 11. Re1 Rc8 12. f4 Ne4 13. Bxe4 dxe4 14. Qc2 f6 15.
Nec4 cxd4 16. exd4 Nf5 17. Nxd6 Nxd6 18. Nf1 Ba6 19. Ne3 Bd3 20. Qb3 Nc4 21.
Rad1 b5 22. f5 exf5 23. Nxf5 Kh8 24. Qxb5 a6 25. Qb7 Rg8 26. Ne7 Na5 27. Qxc8
Qxe7 28. Qc7 Qxc7 29. Bxc7 Nc4 30. b3 Na3 31. Rxd3 exd3 32. Rd1 Re8 33. Rxd3
Re2 34. d5 Re7 35. Bd6 Re1+ 36. Kf2 Nc2 37. Rd2 Re8 38. Rxc2 Rd8 39. Re2 g6 40.
Re6 1-0

[Event "Scarborough CC-ch"]
[Site "Toronto CAN"]
[Date "2023.05.18"]
[Round "8.3"]
[White "Li, Adam"]
[Black "Zhong, April"]
[Result "1-0"]
[WhiteElo "1998"]
[BlackElo "1780"]
[PlyCount "65"]
[EventDate "2023.03.30"]
[EventType "swiss"]
[EventRounds "8"]
[EventCountry "CAN"]

1. e4 e6 2. d4 d5 3. Nd2 c5 4. c3 Nf6 5. e5 Nfd7 6. Bd3 Nc6 7. Ne2 cxd4 8. cxd4
Qb6 9. Nf3 f6 10. exf6 Nxf6 11. O-O Bd6 12. a3 O-O 13. b4 e5 14. dxe5 Nxe5 15.
Nxe5 Bxe5 16. Be3 Qc7 17. Rc1 Bxh2+ 18. Kh1 Qe5 19. g3 Ng4 20. Kg2 Qe6 21. Nf4
Nxe3+ 22. fxe3 Rxf4 23. Rxc8+ Rxc8 24. exf4 Bxg3 25. Kxg3 Rc3 26. Rf3 Rxa3 27.
Bxh7+ Kxh7 28. Rxa3 Qg6+ 29. Qg4 Qb1 30. Qh5+ Kg8 31. Qxd5+ Kh8 32. Qd8+ Kh7
33. Qd3+ 1-0

[Event "Scarborough CC-ch"]
[Site "Toronto CAN"]
[Date "2023.05.18"]
[Round "8.4"]
[White "Wu, Benjamin"]
[Black "Zhao, Jifan"]
[Result "0-1"]
[WhiteElo "1864"]
[BlackElo "1825"]
[PlyCount "94"]
[EventDate "2023.03.30"]
[EventType "swiss"]
[EventRounds "8"]
[EventCountry "CAN"]

1. e4 e6 2. d4 d5 3. exd5 exd5 4. Nf3 h6 5. Bd3 Qf6 6. h3 Bd6 7. O-O Ne7 8. Re1
O-O 9. Nbd2 Bf5 10. Nb3 Nd7 11. Be3 c6 12. a4 Bxd3 13. Qxd3 Nf5 14. Bd2 Bc7 15.
Bc3 Qg6 16. Re2 b6 17. Rae1 Nf6 18. Nbd2 Bf4 19. Ne5 Bxe5 20. dxe5 Nd7 21. e6
Nc5 22. exf7+ Rxf7 23. Re8+ Rxe8 24. Rxe8+ Kh7 25. Qe2 Nxa4 26. Be5 Nc5 27. b4
Ne6 28. Nf3 Re7 29. Rxe7 Nxe7 30. Bb2 Nf4 31. Qf1 Nxh3+ 32. Kh2 Ng5 33. Nxg5+
Qxg5 34. Qd3+ Qf5 35. Qxf5+ Nxf5 36. g4 Nd6 37. Be5 Nc4 38. Bd4 a5 39. bxa5
bxa5 40. Kg3 a4 41. Kf3 a3 42. Ke2 g6 43. Kd3 h5 44. g5 h4 45. Ke2 a2 46. f4 h3
47. Kf3 Na3 0-1

[Event "Scarborough CC-ch"]
[Site "Toronto CAN"]
[Date "2023.05.18"]
[Round "8.5"]
[White "Jeyakumar, Bhavatharshan"]
[Black "Sharpe, Sam"]
[Result "1-0"]
[WhiteElo "1822"]
[BlackElo "1876"]
[PlyCount "135"]
[EventDate "2023.03.30"]
[EventType "swiss"]
[EventRounds "8"]
[EventCountry "CAN"]

1. e4 e5 2. Nf3 Nc6 3. Bb5 a6 4. Ba4 Nf6 5. O-O Be7 6. Re1 b5 7. Bb3 d6 8. c3
O-O 9. h3 Nb8 10. d4 Nbd7 11. Nbd2 Bb7 12. Bc2 Re8 13. Nf1 Bf8 14. Ng3 g6 15.
Bg5 h6 16. Bd2 Bg7 17. a4 c5 18. d5 c4 19. Be3 Qc7 20. Qd2 Kh7 21. Nh2 Nc5 22.
a5 Bc8 23. Kh1 Bd7 24. Qe2 Re7 25. Qd2 Rf8 26. Qd1 Bc8 27. Qd2 Ree8 28. Qd1 h5
29. Bg5 Ng8 30. f4 f6 31. f5 fxg5 32. fxg6+ Kxg6 33. Qxh5+ Kf6 34. Qh7 Rf7 35.
Rf1+ Ke7 36. Rxf7+ Kxf7 37. Nh5 Ke7 38. Qxg7+ Kd8 39. Qxg5+ Qe7 40. Qxe7+ Nxe7
41. Rf1 Nb7 42. Rf6 Kc7 43. Rf7 Kd8 44. Rf6 Kc7 45. Nf3 Nxa5 46. Ng5 Nb3 47.
Bxb3 cxb3 48. Nf7 Rf8 49. Nxd6 Rxf6 50. Ne8+ Kb6 51. Nhxf6 a5 52. d6 Nc6 53. d7
Bb7 54. Nd6 Nd8 55. c4 bxc4 56. Nxc4+ Kb5 57. Na3+ Kc5 58. h4 Kd6 59. g4 Ke6
60. g5 Ba6 61. Kg2 Ke7 62. Kf3 Ne6 63. Kg4 Nf4 64. h5 Be2+ 65. Kf5 Nxh5 66.
Nxh5 Bxh5 67. g6 Kxd7 68. Kf6 1-0

[Event "Scarborough CC-ch"]
[Site "Toronto CAN"]
[Date "2023.05.18"]
[Round "8.6"]
[White "Wu, Nolan"]
[Black "Wang, Nathan"]
[Result "1/2-1/2"]
[WhiteElo "1827"]
[BlackElo "1841"]
[PlyCount "68"]
[EventDate "2023.03.30"]
[EventType "swiss"]
[EventRounds "8"]
[EventCountry "CAN"]

1. e4 c5 2. Nf3 Nc6 3. Bb5 g6 4. O-O Bg7 5. c3 e5 6. d4 cxd4 7. cxd4 Nxd4 8.
Nxd4 exd4 9. Bf4 a6 10. Bc4 d6 11. Nd2 Ne7 12. Nf3 Bg4 13. Bxf7+ Kxf7 14. Ng5+
Ke8 15. Qxg4 Qd7 16. Qd1 h6 17. Nf3 Nc6 18. Re1 Be5 19. Qd2 g5 20. Bg3 Qg7 21.
b4 g4 22. Nh4 Qg5 23. Qxg5 hxg5 24. Nf5 Kd7 25. a3 b5 26. f3 gxf3 27. gxf3 a5
28. Red1 Rhc8 29. a4 Rcb8 30. axb5 Rxb5 31. bxa5 Raxa5 32. Rxa5 Rxa5 33. Rd2
Ke6 34. Kf2 d5 1/2-1/2

[Event "Scarborough CC-ch"]
[Site "Toronto CAN"]
[Date "2023.05.18"]
[Round "8.7"]
[White "Kwan, Toy Chack"]
[Black "Ajith, Aarush"]
[Result "0-1"]
[WhiteElo "1560"]
[BlackElo "1667"]
[PlyCount "89"]
[EventDate "2023.03.30"]
[EventType "swiss"]
[EventRounds "8"]
[EventCountry "CAN"]

1. d4 Nf6 2. Nf3 d5 3. c4 c6 4. cxd5 cxd5 5. Nc3 Bg4 6. Ne5 Bf5 7. Qb3 Nc6 8.
Qxb7 Nxd4 9. Nb5 Nc2+ 10. Kd1 Rc8 11. Nxa7 Rc7 12. Qb5+ Nd7 13. Nac6 Qc8 14. g4
Bxg4 15. Bf4 Nxa1 16. Bg2 Rb7 17. Qxd5 Be6 18. Qd2 Nxe5 19. Nxe5 Rc7 20. Qb4
Nc2 21. Qa4+ Bd7 22. Nxd7 Rxd7+ 23. Bd2 Nd4 24. e3 Ne6 25. Bc6 Kd8 26. Bxd7
Qxd7 27. Qa8+ Qc8 28. Ba5+ Nc7 29. Qc6 Qd7+ 30. Qxd7+ Kxd7 31. Ke2 e6 32. b4
Bd6 33. Rb1 Rb8 34. a4 Nd5 35. Kd3 Nxb4+ 36. Kc4 Nc6 37. Rxb8 Nxa5+ 38. Kb5
Bxb8 39. Kxa5 Kc6 40. h3 g5 41. Kb4 h5 42. Kc4 g4 43. h4 g3 44. fxg3 Bxg3 45.
Kd4 0-1

[Event "St-Jean-Baptiste Day"]
[Site "Esquimalt CAN"]
[Date "2023.06.24"]
[Round "1"]
[White "Tate, Bill"]
[Black "Webb, Alexander"]
[Result "0-1"]
[WhiteElo "1794"]
[BlackElo "1262"]
[PlyCount "82"]
[EventDate "2023.06.24"]
[EventType "swiss"]
[EventRounds "5"]
[EventCountry "CAN"]

1. e4 c6 2. d4 d5 3. Nc3 dxe4 4. Nxe4 Nf6 5. Nxf6+ exf6 6. Nf3 Bd6 7. Be2 O-O
8. O-O Re8 9. Be3 Be6 10. c4 b6 11. c5 Bc7 12. b4 Nd7 13. a4 Bd5 14. Qd2 Nf8
15. Rfc1 Ne6 16. b5 f5 17. g3 f4 18. gxf4 Qf6 19. Ne5 Bxe5 20. dxe5 Qg6+ 21.
Kf1 Rad8 22. Qc2 Qg2+ 23. Ke1 Be4 24. Qc3 Qh1+ 25. Bf1 Bd3 26. Kd2 Bxf1+ 27.
Kc2 Qe4+ 28. Kb2 Rd3 29. Rxf1 Rxc3 30. Kxc3 bxc5 31. bxc6 Qb4+ 32. Kc2 Nd4+ 33.
Bxd4 Qxd4 34. c7 Qxf4 35. Rfd1 Qf5+ 36. Kc1 Qc8 37. Ra3 Qxc7 38. f4 g6 39. Rad3
Qa5 40. Rd7 Qc3+ 41. Kb1 Rb8+ 0-1

[Event "Ste-Foy 1 2023-24"]
[Site "Ste-Foy CAN"]
[Date "2023.09.11"]
[Round "1"]
[White "Berube, Antoine"]
[Black "Boyer, Augustin"]
[Result "1-0"]
[WhiteElo "2230"]
[BlackElo "1758"]
[PlyCount "43"]
[EventDate "2023.11.09"]
[EventType "swiss"]
[EventRounds "5"]
[EventCountry "CAN"]
[TimeControl "5400+30"]

1. d4 d5 2. c4 e6 3. Nf3 Nf6 4. g3 c6 5. Bg2 Bd6 6. Qc2 Nbd7 7. Nbd2 b6 8. O-O
Ba6 9. b3 O-O 10. e4 dxe4 11. Nxe4 Nxe4 12. Qxe4 Rc8 13. Bb2 c5 14. Rfd1 Qc7
15. d5 Rce8 16. Ng5 f5 17. Qh4 Nf6 18. Nxe6 Rxe6 19. dxe6 Be7 20. Rd7 Nxd7 21.
Qxe7 Bc8 22. Qxg7# 1-0

[Event "Ste-Foy 1 2023-24"]
[Site "Ste-Foy CAN"]
[Date "2023.09.11"]
[Round "1"]
[White "Gauthier, Vincent"]
[Black "Pinsonneault, Sebastien"]
[Result "0-1"]
[WhiteElo "1101"]
[BlackElo "1549"]
[PlyCount "76"]
[EventDate "2023.11.09"]
[EventType "swiss"]
[EventRounds "5"]
[EventCountry "CAN"]
[TimeControl "5400+30"]

1. e4 d6 2. d4 Nf6 3. Nc3 g6 4. Nf3 Bg7 5. Bd3 O-O 6. O-O Nc6 7. Be3 Bg4 8. h3
Bd7 9. Qd2 Nh5 10. d5 Ne5 11. Nxe5 Bxe5 12. Be2 Nf6 13. Bd4 Bxd4 14. Qxd4 c5
15. Qe3 Qc7 16. f4 b5 17. Nxb5 Bxb5 18. Bxb5 Rab8 19. a4 Qa5 20. b3 a6 21. Bd3
Qc3 22. Qe1 Qd4+ 23. Kh1 e6 24. dxe6 fxe6 25. f5 exf5 26. exf5 Rfe8 27. Qd1 Kg7
28. Re1 Nh5 29. Rxe8 Rxe8 30. fxg6 hxg6 31. Rb1 Ng3+ 32. Kh2 Qe5 33. Kg1 a5 34.
Kh2 Rf8 35. Kg1 Qe3+ 36. Kh2 Qf4 37. Qg4 Nf1+ 38. Kg1 Qh2# 0-1

[Event "Ste-Foy 1 2023-24"]
[Site "Ste-Foy CAN"]
[Date "2023.09.11"]
[Round "1"]
[White "Laurendeau, Alfred"]
[Black "Marcotte, Lucille"]
[Result "1-0"]
[WhiteElo "1530"]
[BlackElo "985"]
[PlyCount "65"]
[EventDate "2023.11.09"]
[EventType "swiss"]
[EventRounds "5"]
[EventCountry "CAN"]
[TimeControl "5400+30"]

1. e4 c6 2. d4 d5 3. exd5 cxd5 4. Bd3 Nf6 5. h3 Nc6 6. c3 e6 7. Nf3 h6 8. Bf4
Nh5 9. Bh2 Be7 10. Ne5 O-O 11. Nxc6 bxc6 12. Qxh5 Rb8 13. Bxb8 Qb6 14. Qe2 Qxb8
15. O-O Bd6 16. Nd2 Re8 17. Nf3 f6 18. Qc2 f5 19. Rfe1 Bd7 20. Ne5 Qd8 21. b4
Qg5 22. Nxd7 Qh4 23. Ne5 Qh5 24. Qe2 Qg5 25. Qe3 Qf6 26. b5 cxb5 27. Bxb5 Rb8
28. Rab1 f4 29. Qd3 Qh4 30. Bd7 Rf8 31. Bxe6+ Kh8 32. Ng6+ Kh7 33. Nxh4+ 1-0